=LDR 00000nam 2200000 4500 =001 INLIS000000000017318 =990 ##$$a 20600452 =005 20130612112521 =990 ##$$a 20600450 =008 ***********************************Ind** =990 ##$$a 20600451 =035 ##$$0010-061300000017318 =990 ##$$a 20600453 =041 ##$$a Ind =082 ##$$a 615.1 =090 ##$$a 615.1, Ser f =100 ##$$a Siregar, Charles J.P =245 ##$$a Farmasi rumah sakit, teori dan penerapan, Dr. Charles J.P Siregar, M. Sc =260 ##$$a 2003 $b Jakarta =300 ##$$a xvii, 387 hlm, 24 cm =650 ##$$a Farmakologi =850 ##$$a NBPNMAT